Report of the Committee of Enquiry on emoluments and conditions of service of Madhya Pradesh Government employees, 1960 (Record no. 489317)

000 -LEADER
fixed length control field 00453cam a22001097a 4500
008 - FIXED-LENGTH DATA ELEMENTS--GENERAL INFORMATION
fixed length control field 180718b1960 xxu||||| |||| 00| 0 eng d
082 ## - DEWEY DECIMAL CLASSIFICATION NUMBER
Classification number K23x5422 M264
100 ## - MAIN ENTRY--PERSONAL NAME
Personal name Madhya Pradesh. Committee of Enquiry on emoluments and conditions of service Government employess
245 ## - TITLE STATEMENT
Title Report of the Committee of Enquiry on emoluments and conditions of service of Madhya Pradesh Government employees, 1960
260 ## - PUBLICATION, DISTRIBUTION, ETC.
Place of publication, distribution, etc. Bhopal
Name of publisher, distributor, etc. The author
Date of publication, distribution, etc. 1960
300 ## - PHYSICAL DESCRIPTION
Extent 285+p.
Holdings
Withdrawn status Lost status Damaged status Not for loan Permanent Location Current Location Date acquired Full call number Barcode Date last seen Price effective from Koha item type
        Indian Institute of Public Administration Indian Institute of Public Administration 2018-08-04 K23x5422 M264 GR4252 2018-08-04 2018-08-04 GR

Powered by Koha